এক্সপোর্ট সম্পূর্ন হয়েছে — 

Lịch sử phát triển nhân loại

Sách trình bày những nét cơ bản về xã hội loài người qua 4 thời kỳ cổ đại, trung đại, cận đại, hiện đại nhằm dựng lên những nét đại cương về sự hình thành xã hội, các diễn biến, các sự kiện lịch sử, sự phát triển của văn hóa, vă...

Full beskrivning

Sparad:
Bibliografiska uppgifter
Huvudupphovsman: Đăng Trường
Övriga upphovsmän: Lê Minh (Biên soạn)
Materialtyp: Bok
Språk:Vietnamese
Publicerad: H. Thanh niên 2019
Ämnen:
Taggar: Lägg till en tagg
Inga taggar, Lägg till första taggen!
Thư viện lưu trữ: Thư viện Trường Đại học Nam Cần Thơ
LEADER 01175nam a22002057a 4500
001 NCT_89734
008 210507b xxu||||| |||| 00| 0 vie d
999 |c 4425  |d 4425 
020 |a 9786049705717  |c 450000 
082 0 4 |2 23rd ed.  |a 909  |b Tr561 
100 0 |a Đăng Trường 
245 1 0 |a Lịch sử phát triển nhân loại  |c Biên soạn : Đăng Trường, Lê Minh 
260 |a H.  |b Thanh niên  |c 2019 
300 |a 872 tr.  |c 24cm 
520 3 |a Sách trình bày những nét cơ bản về xã hội loài người qua 4 thời kỳ cổ đại, trung đại, cận đại, hiện đại nhằm dựng lên những nét đại cương về sự hình thành xã hội, các diễn biến, các sự kiện lịch sử, sự phát triển của văn hóa, văn minh. 
653 |a Quản trị DV Du lịch và Lữ hành 
700 1 |a Lê Minh  |e Biên soạn 
942 |2 ddc  |c BK 
952 |0 0  |1 0  |2 ddc  |4 0  |6 909_000000000000000_TR561  |7 0  |9 21232  |a 000001  |b 000001  |d 2021-05-07  |o 909 Tr561  |p MD.18469  |r 2021-05-07  |v 450000.00  |w 2021-05-07  |y BK 
980 |a Thư viện Trường Đại học Nam Cần Thơ